000 00484nam a2200169Ia 4500
003 GCL
008 140319s9999 xx 000 0 ara d
040 _aGCL /
_cGCL
082 0 4 _aد
_b050
_bا ق
100 1 _aوزارة الثقافة والارشاد القومى
245 1 0 _aالقصة /
_cوزارة الثقافة والارشاد القومى
300 _aمتعدد
650 0 4 _aالقصة
650 0 4 _aدوريات
650 0 4 _aالمجموعات
942 _2ddc
_cBK
999 _c27096
_d27096